Weird and tragic shores : the story of Charles Francis Hall, explorer /

Bibliographic Details
Main Author: Loomis, Chauncey C., 1930-2009
Format: Book
Language:English
Published: Lincoln : University of Nebraska Press, [1991]
Edition:Bison Book ed.
Subjects:

MARC

Tag First Indicator Second Indicator Subfields
LEADER 00000mam a2200000 a 4500
001 in00003462921
005 20151206105018.0
008 901012r19911971nbuabf b s001 0beng
010 |a  90021280  
020 |a 080327937X (pa) :  |c $12.95 
035 |a (OCoLC)ocm22625239 
040 |a DLC  |c DLC  |d UtOrBLW 
043 |a r------  |a n-us--- 
082 0 0 |a 919.804/092  |a B  |2 20 
090 |a G635.H55  |b L66 1991 
100 1 |a Loomis, Chauncey C.,  |d 1930-2009. 
245 1 0 |a Weird and tragic shores :  |b the story of Charles Francis Hall, explorer /  |c Chauncey C. Loomis. 
250 |a Bison Book ed. 
264 1 |a Lincoln :  |b University of Nebraska Press,  |c [1991] 
264 4 |c ©1991 
300 |a xii, 375, xii pages, 16 unnumbered pages of plates :  |b illustrations, maps ;  |c 20 cm. 
336 |a text  |b txt  |2 rdacontent 
337 |a unmediated  |b n  |2 rdamedia 
338 |a volume  |b nc  |2 rdacarrier 
500 |a Originally published: New York : Knopf, 1971. 
500 |a "A Bison book"-- Spine. 
504 |a Includes bibliographical references (pages [371]-375) and index. 
600 1 0 |a Hall, Charles Francis,  |d 1821-1871  |x Journeys. 
650 0 |a Explorers  |z United States  |v Biography. 
651 0 |a Arctic regions  |x Discovery and exploration. 
999 |a MARS 
999 f f |s 5ca6e398-c2a2-37a1-b325-d9dffc5012b6  |i a2b870e1-c839-3e3a-8c7e-d7c205acdace  |t 0 
952 f f |p ric  |a Texas A&M University  |b Rellis Campus  |c Joint Library Facility  |d Remote Storage  |t 0  |e G635.H55 L66 1991  |h Library of Congress classification  |i unmediated -- volume  |m 32060005788993 
998 f f |a G635.H55 L66 1991  |t 0  |l Remote Storage